Архитектура полимеров

Detalles Bibliográficos
Autor Principal: Иржак В. И. Вадим Исакович
Corporate Authors: Российская академия наук (РАН) Институт проблем химической физики (ИПХФ), Казанский национальный исследовательский технологический университет (КНИТУ)
Summary:Изложены современные представления об архитектуре высокомолекуляр­ных соединений, количественные и качественные методы ее описания. Рассмот­рена связь кинетических особенностей синтеза с топологической структурой полимеров.Для студентов старших курсов, аспирантов, научно-педагогических и про­изводственных работников, специализирующихся в области химии, физики и технологии высокомолекулярных соединений.
Idioma:ruso
Publicado: Москва, Наука, 2012
Subjects:
Formato: Libro
KOHA link:https://koha.lib.tpu.ru/cgi-bin/koha/opac-detail.pl?biblionumber=283990

MARC

LEADER 00000nam0a2200000 4500
001 283990
005 20231101235642.0
010 |a 9785020384590 
035 |a (RuTPU)RU\TPU\book\308129 
090 |a 283990 
100 |a 20150211d2012 k y0rusy50 ca 
101 0 |a rus 
102 |a RU 
105 |a a z 001zy 
200 1 |a Архитектура полимеров  |f В. И. Иржак  |g Российская академия наук (РАН), Институт проблем химической физики (ИПХФ) ; Казанский национальный исследовательский технологический университет (КНИТУ) 
210 |a Москва  |c Наука  |d 2012 
215 |a 368 с.  |c ил. 
320 |a Библиография в конце глав. 
330 |a Изложены современные представления об архитектуре высокомолекуляр­ных соединений, количественные и качественные методы ее описания. Рассмот­рена связь кинетических особенностей синтеза с топологической структурой полимеров.Для студентов старших курсов, аспирантов, научно-педагогических и про­изводственных работников, специализирующихся в области химии, физики и технологии высокомолекулярных соединений. 
606 1 |a Полимеры  |x Физическая химия  |2 stltpush  |3 (RuTPU)RU\TPU\subj\50318  |9 69021 
610 1 |a формирование 
610 1 |a кинетические подходы 
610 1 |a структура 
610 1 |a топологические типы 
610 1 |a линейные полимеры 
610 1 |a циклические полимеры 
610 1 |a разветвленные полимеры 
610 1 |a сетчатые полимеры 
610 1 |a топологически связанные полимеры 
610 1 |a критическая конверсия 
675 |a 678.01:54  |v 3 
700 1 |a Иржак  |b В. И.  |g Вадим Исакович 
712 0 2 |a Российская академия наук (РАН)  |b Институт проблем химической физики (ИПХФ)  |c (Черноголовка)  |c (1997- )  |2 stltpush  |3 (RuTPU)RU\TPU\col\3464 
712 0 2 |a Казанский национальный исследовательский технологический университет (КНИТУ)  |c (2011- )  |2 stltpush  |3 (RuTPU)RU\TPU\col\18269 
801 1 |a RU  |b 63413507  |c 20150211 
801 2 |a RU  |b 63413507  |c 20150219  |g RCR 
942 |c BK